000
00315nam a2200109Ia 4500
008
220217s9999 xx 000 0 und d
245
0
_a
Flexible cellular polymeric materials- Determination of compression set
260
_c
2000
500
_a
Standard number: ISO 1856
650
_a
Polymeric materials
942
_c
ST
999
_c
74056
_d
74056